000 00647nas a2200229 4500
001 BR9603431
003 BR-BrBNA
005 20231205094832.0
007 ta
008 230509b bl.|||p| |||| 00| 00por d
040 _aBR-BrBNA
_bpor
_cBiblioteca Nacional de Agricultura
041 _a(Pt)
072 _aL73
100 1 _aGrigoletti, C.
245 1 _aConsideracoes sobre doencas respiratorias das aves
650 _aFrango
650 _aMicoplasmose
650 _aDoenca Respiratoria
773 0 _tRevista Batavo (Brazil)
_x
_g(Nov 1993), v. 2(25) p. 28-29
_wBR9603431
909 _a202311
_bLúcia
_c55
_dLúcia Elande
942 _2AGRIS
_n0
_cANA
999 _c147185
_d147185